Test Match Nations - Statistics

General Stats
  • This quiz has been taken 1,149 times
  • The average score is 9 of 10
Answer Stats
Hint Answer % Correct
2 Australia
99%
1 England
98%
6 India
98%
5 New Zealand
97%
7 Pakistan
96%
3 South Africa
96%
8 Sri Lanka
93%
4 West Indies
92%
10 Bangladesh
90%
9 Zimbabwe
83%
No matching quizzes found
Score Distribution
Percent of People with Each Score
Percentile by Number Answered
Your Score History
You have not taken this quiz